Readings in Price Theory (Record no. 34403)

MARC details
000 -LEADER
fixed length control field 00385nam a2200145Ia 4500
008 - FIXED-LENGTH DATA ELEMENTS--GENERAL INFORMATION
fixed length control field 211109s9999||||xx |||||||||||||| ||und||
082 ## - DEWEY DECIMAL CLASSIFICATION NUMBER
Classification number 338.521
Item number STI-R
100 ## - MAIN ENTRY--PERSONAL NAME
Personal name Stigler, George J
245 #0 - TITLE STATEMENT
Title Readings in Price Theory
260 ## - PUBLICATION, DISTRIBUTION, ETC.
Name of publisher, distributor, etc. George Allen
Place of publication, distribution, etc. London
Date of publication, distribution, etc. 2008
300 ## - PHYSICAL DESCRIPTION
Extent 568p.
630 ## - SUBJECT ADDED ENTRY--UNIFORM TITLE
General subdivision POST GRADUATE REFERENCE
650 ## - SUBJECT ADDED ENTRY--TOPICAL TERM
Topical term or geographic name entry element Prices
942 ## - ADDED ENTRY ELEMENTS (KOHA)
Koha item type BOOK
650 ## - SUBJECT ADDED ENTRY--TOPICAL TERM
Form subdivision ValueCost
General subdivision Economics
Holdings
Withdrawn status Lost status Damaged status Not for loan Home library Current library Date acquired Cost, normal purchase price Total Checkouts Full call number Barcode Shelving location Date last seen Price effective from Koha item type
        SB LIBRARY SB LIBRARY 09/11/2021 20.00   338.521 STI-R 00035659 POST GRADUATE REFERENCE 09/11/2021 09/11/2021 BOOK

Powered by Koha